| 000 | 00778nam a2200241 i 4500 | ||
|---|---|---|---|
| 001 | 55436 | ||
| 003 | ES-MaACL | ||
| 005 | 20230906163138.0 | ||
| 007 | t| | ||
| 008 | 030919s1967 sp ||||1| spa d | ||
| 080 | _a628.9 | ||
| 100 | 1 |
_aDéribéré, Maurice. _943768 |
|
| 245 | 1 | 0 |
_aTécnica del alumbrado : _bprincipios fundamentales / _cpor Maurice Déribéré ; [traducido por José Miguel Fernández]. |
| 260 |
_aMadrid : _bParaninfo, _c1967. |
||
| 300 |
_a142 p. : _bil. ; _c21 cm. |
||
| 490 | 1 | _aFormación profesional práctica | |
| 650 | 4 |
_aLuminotecnia. _914715 |
|
| 650 | 4 |
_aIluminación. _9174818 |
|
| 700 | 1 |
_aFernández, José Miguel. _949386 |
|
| 830 | 1 |
_aFormación profesional práctica _9184166 |
|
| 852 | 4 |
_aES-MaACL _jC-32802 |
|
| 999 |
_c55436 _d55436 |
||